[Event "Nord West Cup 3rd"]
[Site "Oldenburg"]
[Date "2001.02.02"]
[Round "3"]
[White "Lesniak, Waldemar"]
[Black "Pews, Kristine"]
[Result "0-1"]
[WhiteElo "1300"]
[BlackElo "1664"]
[PlyCount "88"]
[EventDate "2001.02.01"]
[EventType "swiss"]
[EventRounds "7"]
[EventCountry "GER"]
[SourceTitle "EXT 2010"]
[Source "ChessBase"]
[SourceDate "2010.11.25"]
[SourceVersion "1"]
[SourceVersionDate "2010.11.25"]
[SourceQuality "1"]

1. Nf3 Nf6 2. c4 g6 3. g3 Bg7 4. Bg2 0-0 5. Nc3 c5 6. b3 d5 7. d4 dxc4 8. bxc4 cxd4 9. Nxd4 e5 10. Nf3 Qxd1+ 11. Nxd1 Nc6 12. 0-0 Ng4 13. Bb2 Re8 14. e4 Be6 15. Rc1 Bh6 16. Rc2 Nb4 17. Rc3 Nxa2 18. Ra3 Bxc4 19. Re1 Bf8 20. Ra4 b5 21. Rxa2 Bxa2 22. h3 Nf6 23. Bxe5 Nd7 24. Bd4 a5 25. Nc3 Bc4 26. Nd2 Rac8 27. Nxc4 bxc4 28. Ra1 Bb4 29. Bf3 Nc5 30. Ra2 Nb3 31. Bf6 Re6 32. Nd5 c3 33. Rc2 Na1 34. Rc1 Nb3 35. Rc2 a4 36. Nxb4 Rxf6 37. Nd5 Re6 38. Bg4 f5 39. exf5 Re1+ 40. Kg2 gxf5 41. Bxf5 Re5 42. Ne3 Nd4 43. Ra2 Nxf5 44. Rxa4 Nxe3+ 0-1

[Event "Nord West Cup 3rd"]
[Site "Oldenburg"]
[Date "2001.02.02"]
[Round "2"]
[White "Lesniak, Waldemar"]
[Black "Teixeira, Jose"]
[Result "0-1"]
[WhiteElo "1300"]
[BlackElo "1720"]
[PlyCount "66"]
[EventDate "2001.02.01"]
[EventType "swiss"]
[EventRounds "7"]
[EventCountry "GER"]
[SourceTitle "EXT 2010"]
[Source "ChessBase"]
[SourceDate "2010.11.25"]
[SourceVersion "1"]
[SourceVersionDate "2010.11.25"]
[SourceQuality "1"]

1. Nf3 Nf6 2. c4 d6 3. Nc3 g6 4. d4 Bg7 5. h3 0-0 6. b3 c5 7. Bb2 Qa5 8. Qd2 e6 9. Nb5 Qb6 10. dxc5 dxc5 11. Qd6 Nc6 12. Qf4 Nh5 13. Qc1 Nf6 14. e3 Rd8 15. Be2 a6 16. Nc3 Qc7 17. 0-0 b6 18. Rd1 Bb7 19. Qc2 Nb4 20. Rxd8+ Rxd8 21. Qc1 Nd3 22. Qc2 Nxb2 23. Qxb2 Ne4 24. Rc1 Nxc3 25. Rxc3 Bxc3 26. Qxc3 Bxf3 27. Bxf3 Qd6 28. Qf6 Qf8 29. a3 a5 30. a4 Rd3 31. Qb2 Qg7 32. Qb1 Qc3 33. Bd1 Qe1+ 0-1